|
|
|
|
| LEADER |
00000cam a2200000 i 4500 |
| 001 |
1/12 |
| 008 |
960308s1972 gr | ||| |||| ||gre|| |
| 035 |
|
|
|l 10026458
|
| 040 |
|
|
|a GR-MyUa
|b gre
|e AACR2
|
| 041 |
0 |
|
|a gre
|
| 082 |
7 |
|
|a 346.066
|2 (22)
|
| 100 |
1 |
|
|a Γεωργακόπουλος, Λεωνίδας Ν.
|
| 245 |
1 |
3 |
|a Το δίκαιον των εταιρειών /
|c Λεωνίδας Ν. Γεωργακόπουλος.
|
| 260 |
|
|
|a Αθήνα :
|b [χ.ό.],
|c 1972.
|
| 300 |
|
|
|a 556 σ. ;
|c 26 εκ.
|
| 505 |
8 |
|
|a T. 1. Αι προσωπικαί εταιρείαι -- τ. 2. Η ανώνυμη εταιρεία: Μέρος Αʹ: γενικά-ίδρυσις-συνελεύσεις των μετόχων -- τ. 3. Η ανώνυμη εταιρεία:Μέρος Βʹ: διοίκησις, εκπροσώπησις και σχέσεις προς τρίτους-μετοχαί και εξ αυτών δικαιώματα-δημοσιότης, έλεγχος, εποπτεία και ποινική προστασία-συγχώνευσις, μετατροπή και λύσις-μονομετοχική Α.Ε., ειδικώς ρυθμιζόμεναι ανώνυμαι εταιρείαι.
|
| 650 |
|
0 |
|a Corporation law.
|
| 852 |
|
|
|a INST
|b CHIOS
|e 19960308
|h 346.066 ΓΕΩ
|p 005200002759
|q 005200002759
|t BK
|y 0
|z τ.3:τευχ.2
|
| 852 |
|
|
|a INST
|b CHIOS
|e 19960308
|h 346.066 ΓΕΩ
|p 005200002760
|q 005200002760
|t BK
|y 0
|z τ.2:τευχ.1
|
| 852 |
|
|
|a INST
|b CHIOS
|e 19960308
|h 346.066 ΓΕΩ
|p 005200002761
|q 005200002761
|t BK
|y 0
|z τ.1
|
| 852 |
|
|
|a INST
|b CHIOS
|e 19960308
|h 346.066 ΓΕΩ
|p 005200002759
|q 005200002759
|t BK
|v τ.3;τε΄υχ.2:
|y 0
|z τ.3:τευχ.2
|
| 852 |
|
|
|a INST
|b CHIOS
|e 19960308
|h 346.066 ΓΕΩ
|p 005200002760
|q 005200002760
|t BK
|v τ.2;τε΄υχ.1:
|y 0
|z τ.2:τευχ.1
|
| 852 |
|
|
|a INST
|b CHIOS
|e 19960308
|h 346.066 ΓΕΩ
|p 005200002761
|q 005200002761
|t BK
|v τ.1:
|y 0
|z τ.1
|
| 853 |
|
|
|a INST
|b CHIOS
|h 346.066 ΓΕΩ
|